Detalles MARC
| 000 -LIDER |
| fixed length control field |
01478nam a2200421 a 4500 |
| 001 - NÚMERO DE CONTROL |
| Identificador de número de control |
000010994 |
| 003 - IDENTIFICACDOR DE NÚMERO DE CONTROL |
| control field |
DO-SdBNP |
| 005 - DATE AND TIME OF LATEST TRANSACTION |
| control field |
20170919131134.0 |
| 007 - CAMPOS FIJOS DE DESCRIPCIÓN FÍSICA |
| fixed length control field |
000010994 |
| 008 - ELEMENTOS DE LONGITUD FIJA |
| fixed length control field |
091013s2009 dr a 001 0 spa d |
| 040 ## - FUENTE DE CATALOGACIÓN |
| Agencia que crea de manera original el registro |
BPMSU |
| Idioma de catalogación |
spa |
| Agencia que realiza la transcripción |
BPMSU |
| 092 ## - LOCALLY ASSIGNED DEWEY DECIMAL CALL NUMBER |
| Número de clasificación |
150 |
| Número de ítem (Cutter) |
M516i, 2009 |
| 100 1# - ASIENTO PRINCIPAL -- NOMBRE PERSONAL |
| Nombre personal |
Mejía-Ricart G., Tirso, |
| Fechas asociadas con el nombre |
1936- |
| 245 10 - MENCIÓN DE TITULO |
| Título |
Introducción a la psicología / |
| Mención de responsabilidad |
Tirso Mejía-Ricart G. ; colaboración Francisco Pancorbo ... [et al.] ; prólogo Eneiro Rodríguez Arias. |
| 250 ## - MENCIÓN DE EDICION |
| Mención de edición |
12a ed. |
| 260 ## - PUBLICACIÓN, DISTRIBUCIÓN, ETC. (PIE DE IMPRENTA) |
| Lugar de publicación, distribución, etc |
Santo Domingo : |
| Nombre del editor, distribuidor, etc. |
Fundación Mejía Ricart-Gúzman Boom, |
| Fecha de publicación, distribución, etc |
2009. |
| 300 ## - DESCRIPCIÓN FÍSICA |
| Extensión |
400 p. : |
| Otros detalles físicos |
il. ; |
| Dimensiones |
22 cm. |
| 490 1# - MENCIÓN DE SERIES |
| Mención de serie |
Textos básicos |
| Volume/sequential designation |
1 |
| 500 ## - NOTA GENERAL |
| Nota general |
Incluye índice alfabético de materias |
| 504 ## - NOTA DE BIBLIOGRAFÍA, ETC. |
| Bibliography, etc |
Incluye referencias bibliográficas al final de los capítulos |
| 650 #4 - ENCABEZAMIENTO DE MATERIA--TEMÁTICO |
| Término temático o nombre geográfico como elemento de entrada |
PSICOLOGÍA |
| 650 #4 - ENCABEZAMIENTO DE MATERIA--TEMÁTICO |
| Término temático o nombre geográfico como elemento de entrada |
CONDUCTA (PSICOLOGÍA) |
| 650 #4 - ENCABEZAMIENTO DE MATERIA--TEMÁTICO |
| Término temático o nombre geográfico como elemento de entrada |
MOTIVACIÓN |
| 650 #4 - ENCABEZAMIENTO DE MATERIA--TEMÁTICO |
| Término temático o nombre geográfico como elemento de entrada |
APRENDIZAJE |
| 650 #4 - ENCABEZAMIENTO DE MATERIA--TEMÁTICO |
| Término temático o nombre geográfico como elemento de entrada |
PERSONALIDAD |
| 650 #4 - ENCABEZAMIENTO DE MATERIA--TEMÁTICO |
| Término temático o nombre geográfico como elemento de entrada |
SALUD MENTAL |
| 700 1# - ASIENTO SECUNDARIO -- NOMBRE PERSONAL |
| Nombre personal |
Rodríguez Arias, Eneiro |
| 830 #0 - ASIENTO SECUNDARIO DE SERIE--TÍTULO UNIFORME |
| Título uniforme |
Textos Básicos |
| Volume number/sequential designation |
1 |
| 910 ## - VALIDACIÓN |
| Validación |
Validado. Control de calidad BNPHU |
| 930 #1 - EQUIVALENCE OR CROSS-REFERENCE-UNIFORM TITLE HEADING [LOCAL, CANADA] |
| Language of a work |
BND01 |
| Medium of performance for music |
LF1 |
| Medium |
150 |
| Field link and sequence number |
20091013 |
| Date of a work |
04 |
| Name of part/section of a work |
HD |
| Miscellaneous information |
6161 |
| 930 #1 - EQUIVALENCE OR CROSS-REFERENCE-UNIFORM TITLE HEADING [LOCAL, CANADA] |
| Language of a work |
BND01 |
| Medium of performance for music |
LF1 |
| Medium |
150 |
| Field link and sequence number |
20091013 |
| Date of a work |
01 |
| Name of part/section of a work |
HD |
| Miscellaneous information |
6160 |
| Medium |
e. 2 |
| 942 ## - ADDED ENTRY ELEMENTS (KOHA) |
| Source of classification or shelving scheme |
Dewey Decimal Classification |
| Koha item type |
Libros |
| 945 ## - INFORMACIÓN DE PROCESAMIENTO LOCAL |
| Información de procesamiento local |
Inventariado, 2017/MFF |
| 956 ## - LOCAL ELECTRONIC LOCATION AND ACCESS (OCLC) |
| Nombre de host |
JPARRA |
| Número de acceso |
10 |
| Información de compresión |
20091013 |
| Inicio de sesión |
BND01 |
| Procesador de solicitud |
1409 |
| 956 ## - LOCAL ELECTRONIC LOCATION AND ACCESS (OCLC) |
| Nombre de host |
BTAVAREZ |
| Número de acceso |
10 |
| Información de compresión |
20091014 |
| Inicio de sesión |
BND01 |
| Procesador de solicitud |
1340 |
| 956 ## - LOCAL ELECTRONIC LOCATION AND ACCESS (OCLC) |
| Nombre de host |
MMOLINA |
| Número de acceso |
40 |
| Información de compresión |
20110602 |
| Inicio de sesión |
BND01 |
| Procesador de solicitud |
1116 |
| 956 ## - LOCAL ELECTRONIC LOCATION AND ACCESS (OCLC) |
| Nombre de host |
VMATEO |
| Número de acceso |
10 |
| Información de compresión |
20150806 |
| Inicio de sesión |
BPMSU |
| Procesador de solicitud |
00151 |